000 00293nam a22001217a 4500
008 180425b xxu||||| |||| 00| 0 eng d
041 _aeng
080 _a043.3
100 _a0
101 _aMBE-BTH
245 _aBarrierat për inovacion dhe kultura menaxheriale
_cMehmeti,K
942 _2udc
_cBK
999 _c45516
_d45516